The dynamics of culture change : (Record no. 1248)

MARC details
000 -LEADER
fixed length control field 01204cam a2200325 i 4500
001 - CONTROL NUMBER
control field 1743781
003 - CONTROL NUMBER IDENTIFIER
control field OSt
005 - DATE AND TIME OF LATEST TRANSACTION
control field 20230619113625.0
008 - FIXED-LENGTH DATA ELEMENTS--GENERAL INFORMATION
fixed length control field 760114r1976 ctu b 001 0 eng
010 ## - LIBRARY OF CONGRESS CONTROL NUMBER
LC control number 75014599
020 ## - INTERNATIONAL STANDARD BOOK NUMBER
International Standard Book Number 0837182166
040 ## - CATALOGING SOURCE
Original cataloging agency DLC
Transcribing agency DLC
Modifying agency DLC
043 ## - GEOGRAPHIC AREA CODE
Geographic area code f------
050 10 - LIBRARY OF CONGRESS CALL NUMBER
Classification number GN645
Item number .M3 1976
082 00 - DEWEY DECIMAL CLASSIFICATION NUMBER
Classification number 301.29/6
Item number MAL
100 1# - MAIN ENTRY--PERSONAL NAME
Personal name Malinowski, Bronislaw,
Dates associated with a name 1884-1942.
245 14 - TITLE STATEMENT
Title The dynamics of culture change :
Remainder of title an inquiry into race relations in Africa /
Statement of responsibility, etc. by Bronislaw Malinowski ; edited, with a new introd., by Phyllis M. Kaberry.
260 ## - PUBLICATION, DISTRIBUTION, ETC. (IMPRINT)
Place of publication, distribution, etc. Westport, Conn. :
Name of publisher, distributor, etc. Greenwood Press,
Date of publication, distribution, etc. 1976, c1961.
300 ## - PHYSICAL DESCRIPTION
Extent xiii, 171 p. ;
Dimensions 23 cm.
500 ## - GENERAL NOTE
General note Reprint of the ed. published by Yale University Press, New Haven, as Y-47 of A Yale paperbound.
500 ## - GENERAL NOTE
General note Includes index.
504 ## - BIBLIOGRAPHY, ETC. NOTE
Bibliography, etc Bibliography: p. [163]-165.
650 #0 - SUBJECT ADDED ENTRY--TOPICAL TERM
Topical term or geographic name as entry element Ethnology
Geographic subdivision Africa.
650 #0 - SUBJECT ADDED ENTRY--TOPICAL TERM
Topical term or geographic name as entry element Social change.
650 #0 - SUBJECT ADDED ENTRY--TOPICAL TERM
Topical term or geographic name as entry element Acculturation
Geographic subdivision Africa.
650 #0 - SUBJECT ADDED ENTRY--TOPICAL TERM
Topical term or geographic name as entry element Indigenous peoples
Geographic subdivision Africa.
856 42 - ELECTRONIC LOCATION AND ACCESS
Materials specified Contributor biographical information
Uniform Resource Identifier <a href="http://www.loc.gov/catdir/enhancements/fy1510/75014599-b.html">http://www.loc.gov/catdir/enhancements/fy1510/75014599-b.html</a>
906 ## - LOCAL DATA ELEMENT F, LDF (RLIN)
a 7
b cbc
c orignew
d 1
e ocip
f 19
g y-gencatlg
942 ## - ADDED ENTRY ELEMENTS (KOHA)
Source of classification or shelving scheme Dewey Decimal Classification
Koha item type Books
Holdings
Withdrawn status Lost status Source of classification or shelving scheme Damaged status Not for loan Home library Current library Date acquired Total Checkouts Full call number Barcode Date last seen Price effective from Koha item type
    Dewey Decimal Classification     County Hall Archives County Hall Archives 06/19/2023   301.29/6 MAL 10000787 06/19/2023 06/19/2023 Books
LIBRARY OPENING HOURS

When the Parliament is sitting: 8.00a.m - 7.00p.m or until the house adjourns
Mondays and Fridays and when the House is on Recess:  8.00a.m - 5.00p.m
Closed on Weekends and Public Holidays

Online Public Access Catalog (OPAC)
Website: http://www.parliament.go.ke
Bunge Library: https://libraryir.parliament.go.ke
Contact: library@parliament.go.ke | Tel no: (254-2)2221291 or 2848000 Ext 5043